|
|
|
|
| LEADER |
00000cam a2200000 7i4500 |
| 001 |
0000029675 |
| 005 |
20151222.0 |
| 008 |
100727 |
| 020 |
|
|
|a 0440416913
|
| 090 |
0 |
0 |
|a AD
|b ENG
|
| 100 |
1 |
|
|a Gold, Maya
|
| 245 |
1 |
0 |
|a Harriet the spy double agent
|c Maya Gold
|
| 260 |
|
|
|a New York :
|b Yearling Books ,
|c 2005
|
| 500 |
|
|
|a Children ages 10-12 years old (pink)
|
| 650 |
|
0 |
|a Friendship in children
|x juvenile fiction
|
| 655 |
0 |
0 |
|a Childrens stories
|
| 999 |
|
|
|a 0001046176
|b Book
|c Children Collection
|e Cawangan Bandar Penawar
|
| 999 |
|
|
|a 0001046177
|b Book
|c Children Collection
|e Perbadanan Perpustakaan Awam Johor
|
| 999 |
|
|
|a 0001046178
|b Book
|c Children Collection
|e Perbadanan Perpustakaan Awam Johor
|
| 999 |
|
|
|a 0001046179
|b Book
|c Children Collection
|e Cawangan Batu Pahat
|